| 000 | 00000nam##2200000za#4500 |
| 001 | 9.535767 |
| 003 | CaOODSP |
| 005 | 20210615084233 |
| 007 | ta |
| 008 | 150406|2001||||xxc||||| f|0| 0 fre|d |
| 020 | |a0-660-61756-0 |
| 040 | |aCaOODSP|bfre |
| 041 | |aeng |
| 041 | |afre |
| 043 | |an-cn--- |
| 086 | 1 |aEn49-24/1-38 |
| 110 | 1 |aCanada. |bEnvironnement Canada. |bService de la protection de l'environnement. |
| 245 | 10|aDocument d'orientation pour les mesures de débit des effluents de mines de métaux / |cPréparé par Division des minéraux et des métaux. |
| 260 | |aOttawa - Ontario : |bEnvironnement Canada. |c2001. |
| 300 | |aTexte français, ix, 28p. : |bfigures ; |c28 cm. |
| 490 | 1 |aSérie de la Protection de l'environnement|vSPE 2/MM/4 |
| 500 | |aDonnées de catalogage avant publication (Canada) imprimées dans cette publication. «L'information fournie vise à appuyer la mise en oeuvre des dispositions du Règlement sur les effluents des mines de métaux (REMM) proposé par Environnement Canada en vertu de la Loi sur les pêches.»--Résumé. N.B.: Le numéro de catalogue (En49-24/1-38F) et ISBN (0-660-93690-6) imprimés sur cette publication sont incorrects. |
| 520 | 3 |aL'information fournie vise à appuyer la mise en oeuvre des dispositions du Règlement sur les effluents des mines de métaux (REMM) proposé par Environnement Canada en vertu de la Loi sur les pêches.--Résumé |
| 546 | |aBilingue |
| 563 | |aCouverture souple |
| 590 | |a01-33|b2001-08-17 |
| 691 | 07|aPollution|2gcpds |
| 691 | 07|aIndustrie minière|2gcpds |
| 691 | 07|aGestion des déchets|2gcpds |
| 776 | 0#|tGuidance document for flow measurement of metal mining effluents : |w(CaOODSP)9.574561 |
| 776 | 0#|tDocument d'orientation pour les mesures de débit des effluents de mines de métaux : |w(CaOODSP)9.604303 |
| 791 | |tGuidance document for flow measurement of metal mining effluents / |eeng|w(CaOODSP)9.535766 |
| 830 | #0|aSérie de la protection de l'environnement ;|vSPE 2/MM/4|w(CaOODSP)9.509273 |